| 000 | 00467nam a2200181Ia 4500 | ||
|---|---|---|---|
| 008 | 090123s9999 xx 000 0 und d | ||
| 082 | _b21426 | ||
| 100 | _aSURI PREMLATA | ||
| 245 | _aENGLISH GRAMMER AND COMPOSITION | ||
| 250 | _a0 | ||
| 260 | _bSULTAN CHAND-SONS | ||
| 600 | _aSURI PREMLATA | ||
| 630 | _aENGLISH GRAMMER AND COMPOSITION | ||
| 700 | _aSURI PREMLATA | ||
| 700 | _aSURI PREMLATA | ||
| 730 | _aENGLISH GRAMMER AND COMPOSITION | ||
| 942 | _cBOOK | ||
| 999 |
_c59497 _d59497 |
||